<?xml version="1.0" encoding="UTF-8"?><?xml-stylesheet type="text/xsl" href="static/style.xsl"?><OAI-PMH xmlns="http://www.openarchives.org/OAI/2.0/" xmlns:xsi="http://www.w3.org/2001/XMLSchema-instance" xsi:schemaLocation="http://www.openarchives.org/OAI/2.0/ http://www.openarchives.org/OAI/2.0/OAI-PMH.xsd"><responseDate>2026-06-01T14:38:54Z</responseDate><request verb="GetRecord" identifier="oai:riuma.uma.es:10630/36700" metadataPrefix="marc">https://riuma.uma.es/rest/oai/request</request><GetRecord><record><header><identifier>oai:riuma.uma.es:10630/36700</identifier><datestamp>2026-02-03T11:05:30Z</datestamp><setSpec>com_10630_2254</setSpec><setSpec>col_10630_37953</setSpec></header><metadata><record xmlns="http://www.loc.gov/MARC21/slim" xmlns:dcterms="http://purl.org/dc/terms/" xmlns:doc="http://www.lyncode.com/xoai" xmlns:xsi="http://www.w3.org/2001/XMLSchema-instance" xsi:schemaLocation="http://www.loc.gov/MARC21/slim http://www.loc.gov/standards/marcxml/schema/MARC21slim.xsd">
   <leader>00925njm 22002777a 4500</leader>
   <datafield ind2=" " ind1=" " tag="042">
      <subfield code="a">dc</subfield>
   </datafield>
   <datafield ind2=" " ind1=" " tag="720">
      <subfield code="a">Costa-Font, Joan</subfield>
      <subfield code="e">author</subfield>
   </datafield>
   <datafield ind2=" " ind1=" " tag="720">
      <subfield code="a">Pasadas, Sara</subfield>
      <subfield code="e">author</subfield>
   </datafield>
   <datafield ind2=" " ind1=" " tag="720">
      <subfield code="a">Fernández-Martínez, José Luis</subfield>
      <subfield code="e">author</subfield>
   </datafield>
   <datafield ind2=" " ind1=" " tag="260">
      <subfield code="c">2021</subfield>
   </datafield>
   <datafield ind2=" " ind1=" " tag="520">
      <subfield code="a">The most common participatory institution has been insufficiently analysed: associationally based institutions often exist at any government level (from the neighbourhood to the state), but have received only scant academic attention. This paper analyses these advisory councils (ACs) in Spain, in order to understand why their participants continue to attend the meetings, given the apparently limited attractiveness these institutions have. The analysis, based on results from a survey of participants (n = 569) in a sample of ACs (n = 70), shows that a diverse set of motivations exist (knowledge, influence, recognition and civic duty) and that the relevance of each of them varies within different types of councils and for different groups of participants. The results are relevant to the general discussion as to why people participate in different types of participatory institutions and in discussing how participatory inequalities appear in them.</subfield>
   </datafield>
   <datafield ind1="8" ind2=" " tag="024">
      <subfield code="a">Joan Font, Sara Pasadas &amp; José Luis Fernández-Martínez (2021): Participatory Motivations in Advisory Councils: Exploring Different Reasons to Participate, Representation, 57(2) DOI: 10.1080/00344893.2019.1643774</subfield>
   </datafield>
   <datafield ind1="8" ind2=" " tag="024">
      <subfield code="a">https://hdl.handle.net/10630/36700</subfield>
   </datafield>
   <datafield ind1="8" ind2=" " tag="024">
      <subfield code="a">10.1080/00344893.2019.1643774</subfield>
   </datafield>
   <datafield tag="653" ind2=" " ind1=" ">
      <subfield code="a">Administración local - Opinión pública</subfield>
   </datafield>
   <datafield tag="653" ind2=" " ind1=" ">
      <subfield code="a">Democracia directa</subfield>
   </datafield>
   <datafield ind2="0" ind1="0" tag="245">
      <subfield code="a">Participatory Motivations in Advisory Councils: Exploring Different Reasons to Participate.</subfield>
   </datafield>
</record>
</metadata></record></GetRecord></OAI-PMH>